[Event "Titled Tuesday intern op 04th May"]
[Site "Chess.com INT"]
[Date "2021.05.04"]
[Round "1"]
[White "Malyshev, Grigory"]
[Black "Castillo Pena, Patricia Evarista"]
[Result "1-0"]
[WhiteElo "2351"]
[BlackElo "1770"]
[PlyCount "107"]
[EventDate "2021.05.04"]
[EventType "swiss (blitz)"]
[EventRounds "11"]
[EventCountry "USA"]
[SourceTitle "CBM 202 Extra"]
[Source "ChessBase"]
[SourceDate "2021.07.31"]
[SourceVersion "1"]
[SourceVersionDate "2021.07.31"]
[SourceQuality "1"]

1. d4 d5 2. c4 c6 3. Nf3 Nf6 4. e3 e6 5. b3 Nbd7 6. Bb2 Bd6 7. Nbd2 0-0 8. Bd3 Qe7 9. Ne5 Bb4 10. 0-0 Bxd2 11. Qxd2 Nxe5 12. dxe5 Nd7 13. e4 dxc4 14. Bxc4 Qh4 15. f4 Nc5 16. Qe3 Nd7 17. f5 Nb6 18. Be2 exf5 19. exf5 Nd5 20. Qf3 Qg5 21. Rad1 Qe3+ 22. Kh1 Qxf3 23. Rxf3 Bxf5 24. Rxf5 Ne3 25. Rdf1 Nxf1 26. Rxf1 Rad8 27. Bc3 b6 28. a4 c5 29. Bc4 Rde8 30. g3 Re7 31. Rd1 h6 32. Kg2 Kh7 33. Kf3 f6 34. exf6 gxf6 35. Rd6 Kg6 36. Bd3+ Kg7 37. Kf4 Rff7 38. Kf5 Rd7 39. Rxd7 Rxd7 40. Bxf6+ Kf7 41. Bc4+ Kf8 42. Kg6 Rd6 43. g4 Rd2 44. h4 Rd6 45. g5 hxg5 46. hxg5 Rd2 47. Kf5 Rf2+ 48. Ke6 Ke8 49. g6 Kf8 50. g7+ Kg8 51. Ke7+ Kh7 52. g8Q+ Kh6 53. Qg5+ Kh7 54. Qg7# 1-0

[Event "Titled Tuesday intern op 04th May"]
[Site "Chess.com INT"]
[Date "2021.05.04"]
[Round "9"]
[White "Malyshev, Grigory"]
[Black "Vifleemskaia, Svetlana"]
[Result "1-0"]
[WhiteElo "2351"]
[BlackElo "1926"]
[PlyCount "87"]
[EventDate "2021.05.04"]
[EventType "swiss (blitz)"]
[EventRounds "11"]
[EventCountry "USA"]
[SourceTitle "CBM 202 Extra"]
[Source "ChessBase"]
[SourceDate "2021.07.31"]
[SourceVersion "1"]
[SourceVersionDate "2021.07.31"]
[SourceQuality "1"]

1. d4 Nf6 2. c4 e6 3. g3 Bb4+ 4. Bd2 Qe7 5. Bg2 Nc6 6. Nf3 0-0 7. Nc3 d6 8. 0-0 Bxc3 9. Bxc3 Ne4 10. Qc2 Nxc3 11. Qxc3 e5 12. d5 Nb8 13. b4 f5 14. c5 e4 15. Nd4 Qe5 16. cxd6 cxd6 17. Nb5 Na6 18. Qxe5 dxe5 19. a3 Bd7 20. Nd6 Rab8 21. Rac1 Rfd8 22. e3 b5 23. g4 g6 24. gxf5 gxf5 25. Bh3 Rf8 26. Nxe4 fxe4 27. Bxd7 Kf7 28. Be6+ Ke7 29. Rc6 Rb6 30. Rfc1 Rfb8 31. Bf5 h6 32. Bxe4 Rg8+ 33. Kf1 Nb8 34. Rxb6 axb6 35. Rc7+ Nd7 36. Rb7 Rb8 37. Rxb8 Nxb8 38. Bd3 Kd6 39. Bxb5 Kxd5 40. Ke2 e4 41. f3 exf3+ 42. Kxf3 Ke5 43. h4 h5 44. e4 1-0

[Event "Titled Tuesday intern op 04th May"]
[Site "Chess.com INT"]
[Date "2021.05.04"]
[Round "5"]
[White "Malyshev, Grigory"]
[Black "Yang, Kaiqi"]
[Result "0-1"]
[WhiteElo "2351"]
[BlackElo "2481"]
[PlyCount "124"]
[EventDate "2021.05.04"]
[EventType "swiss (blitz)"]
[EventRounds "11"]
[EventCountry "USA"]
[SourceTitle "CBM 202 Extra"]
[Source "ChessBase"]
[SourceDate "2021.07.31"]
[SourceVersion "1"]
[SourceVersionDate "2021.07.31"]
[SourceQuality "1"]

1. d4 d5 2. c4 c6 3. Nf3 Nf6 4. e3 e6 5. b3 Ne4 6. Bd3 f5 7. 0-0 Nd7 8. Qc2 Bd6 9. Ba3 Bxa3 10. Nxa3 0-0 11. Nb1 Qf6 12. Nbd2 g5 13. Be2 g4 14. Ne1 Qg5 15. Nd3 Ndf6 16. Nf4 Bd7 17. f3 Nxd2 18. Qxd2 gxf3 19. Bxf3 Kh8 20. Rac1 Rg8 21. Qb4 b6 22. Qd6 Rae8 23. b4 Rg7 24. a4 h5 25. b5 cxb5 26. cxb5 h4 27. h3 Reg8 28. Qe5 Kh7 29. Rc7 Ne4 30. Bxe4 dxe4 31. Qd6 Qg3 32. Rxd7 Qxe3+ 33. Kh1 Qg3 34. Rxg7+ Rxg7 35. Qxe6 e3 36. Qxf5+ Kh8 37. Qe4 e2 38. Qxe2 Rf7 39. Qh5+ Kg7 40. Qg4+ Qxg4 41. hxg4 Kh6 42. Kh2 Rd7 43. Rd1 Kg5 44. Nh3+ Kxg4 45. d5 Rd6 46. Nf2+ Kf4 47. Rd4+ Ke3 48. Re4+ Kxf2 49. Re5 Rg6 50. Kh3 Rg3+ 51. Kxh4 Rxg2 52. Rf5+ Ke3 53. d6 Rd2 54. Rf6 Kd4 55. Kg5 Kc5 56. Kf5 Rxd6 57. Rxd6 Kxd6 58. Kf6 Kc5 59. Ke7 Kb4 60. Kd6 Kxa4 61. Kc6 Kb4 62. Kb7 Kxb5 0-1

[Event "Titled Tuesday intern op 20th Apr"]
[Site "Chess.com INT"]
[Date "2021.04.20"]
[Round "8"]
[White "Hoffmann, Asa"]
[Black "Malyshev, Grigory"]
[Result "0-1"]
[WhiteElo "2185"]
[BlackElo "2351"]
[PlyCount "70"]
[EventDate "2021.04.20"]
[EventType "swiss (blitz)"]
[EventRounds "11"]
[EventCountry "USA"]
[SourceTitle "CBM 202 Extra"]
[Source "ChessBase"]
[SourceDate "2021.07.31"]
[SourceVersion "1"]
[SourceVersionDate "2021.07.31"]
[SourceQuality "1"]

1. d4 Nf6 2. Bg5 Ne4 3. Bf4 d5 4. f3 Nf6 5. e4 dxe4 6. Nc3 exf3 7. Nxf3 Bg4 8. h3 Bh5 9. g4 Bg6 10. Ne5 Nbd7 11. Bg2 c6 12. Qe2 e6 13. 0-0-0 Nxe5 14. Bxe5 Bb4 15. h4 h5 16. g5 Nd7 17. Bxg7 Rg8 18. Be5 Qa5 19. Rh3 0-0-0 20. a3 Be7 21. Bf3 Nxe5 22. Qxe5 Qxe5 23. dxe5 Bc5 24. Be4 Bd4 25. Bxg6 fxg6 26. Re1 Rgf8 27. Nd1 Rf5 28. Rd3 Bxe5 29. Rxd8+ Kxd8 30. c3 Ke7 31. Kc2 Bg3 32. Re4 Rf4 33. Rxf4 Bxf4 34. Kd3 Bg3 35. Ne3 Bxh4 0-1

[Event "Titled Tuesday intern op 20th Apr"]
[Site "Chess.com INT"]
[Date "2021.04.20"]
[Round "2"]
[White "Malyshev, Grigory"]
[Black "Kollars, Dmitrij"]
[Result "1/2-1/2"]
[WhiteElo "2351"]
[BlackElo "2598"]
[PlyCount "96"]
[EventDate "2021.04.20"]
[EventType "swiss (blitz)"]
[EventRounds "11"]
[EventCountry "USA"]
[SourceTitle "CBM 202 Extra"]
[Source "ChessBase"]
[SourceDate "2021.07.31"]
[SourceVersion "1"]
[SourceVersionDate "2021.07.31"]
[SourceQuality "1"]

1. d4 Nf6 2. c4 e6 3. g3 c5 4. d5 exd5 5. cxd5 d6 6. Nc3 g6 7. Bg2 Bg7 8. Nf3 0-0 9. 0-0 Re8 10. Nd2 a6 11. a4 Nbd7 12. h3 Nh5 13. Nde4 Ndf6 14. Nxf6+ Nxf6 15. e4 Nd7 16. f4 Rb8 17. a5 c4 18. Be3 Qc7 19. Bd4 b5 20. axb6 Bxd4+ 21. Qxd4 Qxb6 22. Rfd1 Qxd4+ 23. Rxd4 Rxb2 24. Rxc4 Rc2 25. Rc7 Nf6 26. e5 Nh5 27. exd6 Nxg3 28. Ne4 Rxg2+ 29. Kxg2 Nxe4 30. d7 Bxd7 31. Rxd7 Nf6 32. Rd6 Nh5 33. Kf3 Rb8 34. Ra3 Rb4 35. Rdxa6 Rxf4+ 36. Kg2 Rd4 37. d6 Kg7 38. Re3 Nf4+ 39. Kg3 Ne6 40. Rc3 Kf6 41. Rf3+ Kg7 42. Ra7 Ng5 43. Rf4 Rxd6 44. h4 Rd3+ 45. Kg2 Rd2+ 46. Kg3 Rd3+ 47. Kg2 Rd2+ 48. Kg3 Rd3+ 1/2-1/2

[Event "Titled Tuesday intern op 20th Apr"]
[Site "Chess.com INT"]
[Date "2021.04.20"]
[Round "1"]
[White "Matveeva, Olga"]
[Black "Malyshev, Grigory"]
[Result "0-1"]
[WhiteElo "2171"]
[BlackElo "2351"]
[PlyCount "70"]
[EventDate "2021.04.20"]
[EventType "swiss (blitz)"]
[EventRounds "11"]
[EventCountry "USA"]
[SourceTitle "CBM 202 Extra"]
[Source "ChessBase"]
[SourceDate "2021.07.31"]
[SourceVersion "1"]
[SourceVersionDate "2021.07.31"]
[SourceQuality "1"]

1. d4 Nf6 2. c4 e6 3. g3 d5 4. Nf3 Nbd7 5. Bg2 Bb4+ 6. Bd2 Bd6 7. Qc2 c6 8. 0-0 0-0 9. b3 Qe7 10. Nc3 b6 11. e4 dxe4 12. Nxe4 Nxe4 13. Qxe4 Bb7 14. Rad1 Nf6 15. Qc2 c5 16. Bg5 Rad8 17. d5 h6 18. Bxf6 Qxf6 19. Rfe1 exd5 20. cxd5 Bb8 21. Nh4 g6 22. Be4 Kg7 23. Ng2 Rfe8 24. Ne3 h5 25. Bg2 Be5 26. Nc4 Bd4 27. Ne3 Re5 28. Nc4 Rxe1+ 29. Rxe1 Bxd5 30. Bxd5 Rxd5 31. Ne3 Re5 32. Kg2 Qc6+ 33. Kg1 Qf3 34. Qd1 Rxe3 35. fxe3 Bxe3+ 0-1

[Event "Titled Tuesday intern op 20th Apr"]
[Site "Chess.com INT"]
[Date "2021.04.20"]
[Round "6"]
[White "Sarkar, Justin"]
[Black "Malyshev, Grigory"]
[Result "1/2-1/2"]
[WhiteElo "2365"]
[BlackElo "2351"]
[PlyCount "84"]
[EventDate "2021.04.20"]
[EventType "swiss (blitz)"]
[EventRounds "11"]
[EventCountry "USA"]
[SourceTitle "CBM 202 Extra"]
[Source "ChessBase"]
[SourceDate "2021.07.31"]
[SourceVersion "1"]
[SourceVersionDate "2021.07.31"]
[SourceQuality "1"]

1. e4 c6 2. d4 d5 3. e5 Bf5 4. Bd3 Bxd3 5. Qxd3 e6 6. Ne2 Ne7 7. c3 Nf5 8. Nd2 c5 9. Nf3 Nc6 10. 0-0 Be7 11. g4 Nh4 12. Nxh4 Bxh4 13. f4 0-0 14. g5 Ne7 15. dxc5 Nf5 16. Nd4 Nxd4 17. cxd4 h6 18. gxh6 gxh6 19. f5 Bg5 20. f6 Bxc1 21. Raxc1 Kh8 22. Kh1 Rg8 23. Rg1 Qa5 24. Qe3 Kh7 25. Qd3+ Kh8 26. a3 Qa4 27. b4 a6 28. Rcf1 Qb5 29. Qe3 Kh7 30. Re1 Qc4 31. Rxg8 Rxg8 32. Rg1 Rg6 33. Rxg6 Kxg6 34. Qg3+ Kf5 35. Qf3+ Kg5 36. h4+ Kxh4 37. Qf4+ Kh5 38. Qf3+ Kg5 39. Qg3+ Kf5 40. Qf3+ Kg5 41. Qg3+ Kf5 42. Qf3+ Kg5 1/2-1/2

[Event "Titled Tuesday intern op 13th Apr"]
[Site "Chess.com INT"]
[Date "2021.04.13"]
[Round "9"]
[White "Mickiewicz, Piotr"]
[Black "Malyshev, Grigory"]
[Result "1-0"]
[WhiteElo "2247"]
[BlackElo "2351"]
[PlyCount "67"]
[EventDate "2021.04.13"]
[EventType "swiss (blitz)"]
[EventRounds "11"]
[EventCountry "USA"]
[SourceTitle "CBM 201 Extra"]
[Source "ChessBase"]
[SourceDate "2021.05.31"]
[SourceVersion "1"]
[SourceVersionDate "2021.05.31"]
[SourceQuality "1"]

1. Nf3 Nf6 2. b3 d5 3. Bb2 Bg4 4. c4 e6 5. Qc2 Nbd7 6. e3 c6 7. Be2 Bd6 8. 0-0 0-0 9. d3 Rc8 10. Nbd2 Qe7 11. a3 a5 12. Rfe1 Rfd8 13. Bc3 b6 14. Qb2 Nf8 15. b4 axb4 16. axb4 Ng6 17. Ra6 Bc7 18. Nd4 Bxe2 19. Rxe2 Qd7 20. b5 cxb5 21. cxb5 Ra8 22. Qa2 Qc8 23. Nc6 Re8 24. Bxf6 gxf6 25. Nf3 Rxa6 26. Qxa6 Qd7 27. g3 Ne5 28. Nfxe5 fxe5 29. Rc2 d4 30. e4 f5 31. exf5 exf5 32. Qb7 Qd6 33. Nxe5 Rxe5 34. Rxc7 1-0

[Event "Titled Tuesday intern op 06th Apr"]
[Site "Chess.com INT"]
[Date "2021.04.06"]
[Round "10"]
[White "Malyshev, Grigory"]
[Black "Lagno, Kateryna"]
[Result "0-1"]
[WhiteElo "2351"]
[BlackElo "2546"]
[PlyCount "135"]
[EventDate "2021.04.06"]
[EventType "swiss (blitz)"]
[EventRounds "11"]
[EventCountry "USA"]
[SourceTitle "CBM 201 Extra"]
[Source "ChessBase"]
[SourceDate "2021.05.31"]
[SourceVersion "1"]
[SourceVersionDate "2021.05.31"]
[SourceQuality "1"]

1. d4 Nf6 2. c4 g6 3. Nc3 d5 4. cxd5 Nxd5 5. g3 Bg7 6. Bg2 Nb6 7. Nf3 0-0 8. 0-0 Nc6 9. e3 Re8 10. Nh4 a5 11. f4 a4 12. Qe2 a3 13. b3 Nxd4 14. exd4 Qxd4+ 15. Be3 Qxc3 16. Rac1 Qb4 17. Rxc7 e6 18. Kh1 Nd5 19. Rc4 Qa5 20. Bd4 Bxd4 21. Rxd4 Bd7 22. Rc1 Bc6 23. Nf3 Ne7 24. Ne5 Bxg2+ 25. Kxg2 Red8 26. Rdc4 Qd5+ 27. Kh3 f6 28. Nf3 Nc6 29. Rc5 Qd7 30. Kg2 Kf7 31. R1c2 Qd3 32. Qf2 Qd6 33. Rb5 Qe7 34. Rbc5 Rd6 35. R5c4 Rad8 36. b4 R6d7 37. b5 Nb4 38. Re2 Qd6 39. Qe1 Nd3 40. Qc3 Qd5 41. Rd4 Qxb5 42. Rxd7+ Rxd7 43. Rd2 Nc5 44. Rxd7+ Nxd7 45. Qc7 Qc6 46. Qd8 e5 47. Qh8 Nf8 48. fxe5 fxe5 49. Qxe5 Qc2+ 50. Kh3 Qf5+ 51. Qxf5+ gxf5 52. Nd2 b5 53. Nb1 b4 54. Nd2 Ne6 55. Nc4 b3 56. Nxa3 bxa2 57. Nc2 Nd4 58. Na1 Ke6 59. Kh4 Kd5 60. Kg5 Kc4 61. Kh6 Kc3 62. Kxh7 Nc2 63. h4 Nxa1 64. h5 Nb3 65. h6 a1Q 66. Kg8 Qg1 67. h7 Qxg3+ 68. Kf7 0-1

[Event "St Petersburg Korchnoi Memorial op"]
[Site "St Petersburg"]
[Date "2018.08.21"]
[Round "7"]
[White "Malyshev, Grigory"]
[Black "Iljiushenok, Ilia"]
[Result "0-1"]
[WhiteElo "2339"]
[BlackElo "2539"]
[PlyCount "54"]
[EventDate "2018.08.15"]
[EventType "swiss"]
[EventRounds "9"]
[EventCountry "RUS"]
[SourceTitle "CBM 186 Extra"]
[Source "ChessBase"]
[SourceDate "2018.08.24"]
[SourceVersion "1"]
[SourceVersionDate "2018.08.24"]
[SourceQuality "1"]

1. d4 Nf6 2. c4 g6 3. Nc3 d5 4. cxd5 Nxd5 5. g3 Bg7 6. Bg2 Nb6 7. Nf3 Nc6 8. e3 0-0 9. 0-0 Re8 10. Nh4 g5 11. Nf3 h6 12. Qc2 Bg4 13. h3 Bh5 14. Rd1 Qd7 15. b3 e5 16. dxe5 Qe7 17. g4 Bg6 18. Qe2 Nxe5 19. Bb2 Nxf3+ 20. Bxf3 c6 21. Rd2 Be5 22. Bg2 Qf6 23. Nd1 Nd5 24. Qc4 Rad8 25. Bxd5 cxd5 26. Qb4 Qf3 27. Bxe5 Be4 0-1

[Event "Voronezh op-A 22nd"]
[Site "Voronezh"]
[Date "2018.06.21"]
[Round "9"]
[White "Malyshev, Grigory"]
[Black "Odegov, Artem"]
[Result "1-0"]
[WhiteElo "2362"]
[BlackElo "2219"]
[PlyCount "107"]
[EventDate "2018.06.12"]
[EventType "swiss"]
[EventRounds "9"]
[EventCountry "RUS"]
[SourceTitle "CBM 185 Extra"]
[Source "ChessBase"]
[SourceDate "2018.07.29"]
[SourceVersion "1"]
[SourceVersionDate "2018.07.29"]
[SourceQuality "1"]

1. d4 d5 2. c4 c6 3. Nf3 Nf6 4. e3 Bf5 5. Nc3 e6 6. Nh4 Bg6 7. Be2 Nbd7 8. 0-0 Ne4 9. g3 Be7 10. Nxg6 Nxc3 11. bxc3 hxg6 12. Rb1 dxc4 13. Bxc4 Nb6 14. Bd3 0-0 15. a4 Qd7 16. Qb3 Rab8 17. Be4 Nc8 18. Bg2 b5 19. axb5 Rxb5 20. Qc2 Rxb1 21. Qxb1 c5 22. Ba3 cxd4 23. Bxe7 Qxe7 24. cxd4 Rd8 25. Qb3 Nb6 26. Ra1 Rd7 27. Qb5 Rc7 28. h4 Qd7 29. Qg5 Qe7 30. Qf4 Qd7 31. Kh2 Qe7 32. Ra5 Nc4 33. Rb5 Nd6 34. Ra5 Nc4 35. Ra6 Nb6 36. Be4 Rc8 37. Kg2 Nc4 38. Kh2 Nb6 39. Ra2 Rc7 40. Rb2 Qd8 41. Bf3 Nc4 42. Ra2 Qd6 43. Qg5 Qe7 44. Qb5 Nb6 45. h5 gxh5 46. Qxh5 Qf6 47. Kg2 Qh6 48. Qb5 Rc1 49. Bh5 Nd5 50. Qe8+ Kh7 51. Qxf7 Nf6 52. Ra5 Rc2 53. Qxe6 Nxh5 54. Qe4+ 1-0

[Event "Voronezh op-A 22nd"]
[Site "Voronezh"]
[Date "2018.06.20"]
[Round "8"]
[White "Korneev, Oleg"]
[Black "Malyshev, Grigory"]
[Result "1-0"]
[WhiteElo "2517"]
[BlackElo "2362"]
[PlyCount "49"]
[EventDate "2018.06.12"]
[EventType "swiss"]
[EventRounds "9"]
[EventCountry "RUS"]
[SourceTitle "CBM 185 Extra"]
[Source "ChessBase"]
[SourceDate "2018.07.29"]
[SourceVersion "1"]
[SourceVersionDate "2018.07.29"]
[SourceQuality "1"]

1. d4 Nf6 2. Nf3 e6 3. Bf4 c5 4. e3 b6 5. Nc3 a6 6. d5 d6 7. dxe6 Bxe6 8. Ng5 Be7 9. Nxe6 fxe6 10. g4 g6 11. Bg2 Ra7 12. Qe2 Rd7 13. 0-0-0 b5 14. g5 Nh5 15. Qg4 Ng7 16. h4 0-0 17. Ne2 Qe8 18. Bg3 Qf7 19. Nf4 Qf5 20. Qe2 Bd8 21. h5 gxh5 22. Nxh5 Bxg5 23. Nxg7 Kxg7 24. Bxd6 Rff7 25. f4 1-0

[Event "Moscow op-A 14th"]
[Site "Moscow"]
[Date "2018.02.03"]
[Round "8"]
[White "Manafov, Vugar Gulam"]
[Black "Malyshev, Grigory"]
[Result "0-1"]
[WhiteElo "2193"]
[BlackElo "2364"]
[PlyCount "108"]
[EventDate "2018.01.27"]
[EventType "swiss"]
[EventRounds "9"]
[EventCountry "RUS"]
[SourceTitle "CBM 182 Extra"]
[Source "ChessBase"]
[SourceDate "2018.02.23"]
[SourceVersion "1"]
[SourceVersionDate "2018.02.23"]
[SourceQuality "1"]

1. d4 Nf6 2. c4 e6 3. Nf3 b6 4. g3 Ba6 5. b3 Bb7 6. Bg2 Bb4+ 7. Bd2 c5 8. Bxb4 cxb4 9. 0-0 0-0 10. Qd3 d6 11. Nbd2 a5 12. e4 e5 13. Ne1 Nc6 14. Nc2 Qc7 15. d5 Ne7 16. f4 Nd7 17. f5 f6 18. h4 Ba6 19. g4 b5 20. Ne3 bxc4 21. Ndxc4 Nc8 22. Rac1 Ncb6 23. g5 Bxc4 24. Nxc4 Nxc4 25. Rxc4 Nc5 26. Qe3 Qe7 27. Rd1 Rfc8 28. Bf1 Kh8 29. Kh1 Qb7 30. Rc2 a4 31. Bc4 axb3 32. axb3 Ra3 33. Rg1 Rca8 34. Rcg2 Ra1 35. Bf1 Qe7 36. Qf3 Re1 37. Be2 Rxg1+ 38. Rxg1 Ra3 39. Bc4 Ra5 40. Qe2 Ra3 41. Qe1 Ra8 42. Rg4 Qa7 43. Rg1 Qa2 44. gxf6 gxf6 45. Qe3 Qa7 46. Be2 Rg8 47. Rxg8+ Kxg8 48. Bh5 Qa1+ 49. Kh2 Qb2+ 50. Kh1 Qxb3 51. Qh6 Qh3+ 52. Kg1 Qg3+ 53. Kh1 Qxh4+ 54. Kg1 Qg5+ 0-1

[Event "Samara Polugaevsky Memorial 7th"]
[Site "Samara"]
[Date "2017.07.15"]
[Round "8"]
[White "Kolomensky, Vladimir"]
[Black "Malyshev, Grigory"]
[Result "0-1"]
[WhiteElo "2226"]
[BlackElo "2356"]
[PlyCount "90"]
[EventDate "2017.07.08"]
[EventType "swiss"]
[EventRounds "9"]
[EventCountry "RUS"]
[SourceTitle "EXT 2018"]
[Source "ChessBase"]
[SourceDate "2017.10.13"]
[SourceVersion "1"]
[SourceVersionDate "2017.10.13"]
[SourceQuality "1"]

1. e4 c6 2. d4 d5 3. Nd2 dxe4 4. Nxe4 Bf5 5. Ng3 Bg6 6. h4 h6 7. Nf3 Nd7 8. h5 Bh7 9. Bd3 Bxd3 10. Qxd3 e6 11. Bd2 Ngf6 12. 0-0-0 Be7 13. Ne4 Qb6 14. Ne5 Rd8 15. Nxf6+ Bxf6 16. Qe4 0-0 17. f4 Nxe5 18. dxe5 Be7 19. g4 Rd4 20. Qe2 Rfd8 21. Kb1 Qb5 22. Qxb5 cxb5 23. Kc1 Bc5 24. a3 Rxd2 25. Rxd2 Be3 26. Rhh2 Bxf4 27. Kd1 Rxd2+ 28. Rxd2 Bxd2 29. Kxd2 Kf8 30. Ke3 Ke7 31. Kd4 b6 32. Ke4 f6 33. Kd4 fxe5+ 34. Kxe5 Kf7 35. b3 Ke7 36. c4 bxc4 37. bxc4 Kd7 38. Ke4 Ke7 39. Ke5 Kf7 40. a4 Ke7 41. Kf4 Kf6 42. Ke4 Kg5 43. Kf3 e5 44. a5 bxa5 45. c5 Kf6 0-1

[Event "Samara Polugaevsky Memorial 7th"]
[Site "Samara"]
[Date "2017.07.13"]
[Round "6"]
[White "Malyshev, Grigory"]
[Black "Lintchevski, Daniil"]
[Result "0-1"]
[WhiteElo "2356"]
[BlackElo "2562"]
[PlyCount "84"]
[EventDate "2017.07.08"]
[EventType "swiss"]
[EventRounds "9"]
[EventCountry "RUS"]
[SourceTitle "CBM 179 Extra"]
[Source "ChessBase"]
[SourceDate "2017.08.23"]
[SourceVersion "1"]
[SourceVersionDate "2017.08.23"]
[SourceQuality "1"]

1. d4 Nf6 2. c4 e6 3. g3 d5 4. Nf3 dxc4 5. Bg2 a6 6. 0-0 Nc6 7. Bg5 Be7 8. e3 0-0 9. Nbd2 e5 10. Nxe5 Nxe5 11. dxe5 Ng4 12. Bxe7 Qxe7 13. Nxc4 Nxe5 14. Qd4 Nxc4 15. Qxc4 c6 16. Rfd1 Be6 17. Qe4 Rad8 18. Bh3 Qf6 19. Bxe6 fxe6 20. Qc2 Rd5 21. e4 Rd4 22. Rd2 Rxd2 23. Qxd2 Rd8 24. Qc2 Qf3 25. Re1 Rd4 26. b3 Kf7 27. h4 h6 28. Kh2 Rd3 29. Re2 c5 30. Kg1 Rd7 31. Kh2 Qd3 32. Qb2 Qd4 33. Qc1 Kg8 34. Kg2 b5 35. Qf4 c4 36. bxc4 Qxc4 37. Re3 Rd1 38. Qe5 Kh7 39. Rc3 Qf1+ 40. Kf3 Rd2 41. Qc5 Rxa2 42. Qe3 b4 0-1

[Event "Samara Polugaevsky Memorial 7th"]
[Site "Samara"]
[Date "2017.07.10"]
[Round "3"]
[White "Sogoyan, Andranik Sacha"]
[Black "Malyshev, Grigory"]
[Result "1/2-1/2"]
[WhiteElo "2112"]
[BlackElo "2356"]
[PlyCount "119"]
[EventDate "2017.07.08"]
[EventType "swiss"]
[EventRounds "9"]
[EventCountry "RUS"]
[SourceTitle "EXT 2018"]
[Source "ChessBase"]
[SourceDate "2017.10.13"]
[SourceVersion "1"]
[SourceVersionDate "2017.10.13"]
[SourceQuality "1"]

1. e4 c6 2. d4 d5 3. e5 Bf5 4. Nf3 e6 5. Be2 Nd7 6. 0-0 h6 7. b3 Ne7 8. c4 Bh7 9. Na3 Nf5 10. Nc2 Be7 11. Bd3 0-0 12. Bf4 Nh4 13. Bxh7+ Kxh7 14. Nxh4 Bxh4 15. Qd3+ Kh8 16. Qh3 Bg5 17. Bxg5 Qxg5 18. f4 Qg6 19. f5 exf5 20. cxd5 cxd5 21. Ne3 Rac8 22. Nxf5 Rc2 23. Rae1 Qe6 24. Re3 Rfc8 25. Ref3 Rc1 26. Qg3 Rxf1+ 27. Rxf1 Rg8 28. Nd6 Rf8 29. Nf5 Rg8 30. Nd6 Rf8 31. Rf4 f6 32. Qg6 Qg8 33. h4 a6 34. Qf5 fxe5 35. Nf7+ Rxf7 36. Qxf7 exf4 37. Qxd7 b5 38. Qf5 g5 39. Qf6+ Kh7 40. Qf5+ Kh8 41. Qe5+ Qg7 42. Qxd5 gxh4 43. Qa8+ Kh7 44. Qe4+ Qg6 45. Qxf4 Qb1+ 46. Kh2 Qxa2 47. Qf7+ Kh8 48. Qf6+ Kh7 49. Qf5+ Kg7 50. Qf3 Qd2 51. d5 Qg5 52. b4 Qd2 53. Qg4+ Kf8 54. Qe4 Qg5 55. Kh1 Qc1+ 56. Kh2 Qg5 57. Kg1 h3 58. g4 Qd2 59. Qf5+ Kg7 60. Qe5+ 1/2-1/2

[Event "Moscow op-A 13th"]
[Site "Moscow"]
[Date "2017.02.04"]
[Round "8"]
[White "Sychev, Klementy"]
[Black "Malyshev, Grigory"]
[Result "1-0"]
[WhiteElo "2449"]
[BlackElo "2326"]
[PlyCount "89"]
[EventDate "2017.01.28"]
[EventType "swiss"]
[EventRounds "9"]
[EventCountry "RUS"]
[SourceTitle "EXT 2018"]
[Source "ChessBase"]
[SourceDate "2017.10.13"]
[SourceVersion "1"]
[SourceVersionDate "2017.10.13"]
[SourceQuality "1"]

1. Nf3 Nf6 2. c4 e6 3. g3 b6 4. Bg2 Bb7 5. 0-0 c5 6. Nc3 Be7 7. Re1 0-0 8. e4 d6 9. d4 cxd4 10. Nxd4 Qc8 11. b3 a6 12. Be3 Nbd7 13. Rc1 Rd8 14. f4 Bf8 15. g4 Ne5 16. h3 Ng6 17. f5 exf5 18. gxf5 Ne5 19. Nd5 Bxd5 20. cxd5 Qb7 21. Nc6 Re8 22. Rc3 Nfd7 23. Qc2 g6 24. Rf1 Bg7 25. Bg5 h6 26. Bh4 g5 27. Bf2 Bf6 28. Rc1 a5 29. a3 b5 30. Nd4 Nc5 31. b4 axb4 32. axb4 Na6 33. Nc6 Nc4 34. Rg3 Kf8 35. Qe2 Nb8 36. Qh5 Kg7 37. h4 Rh8 38. e5 Nxe5 39. Nxe5 Bxe5 40. hxg5 Ra2 41. gxh6+ Kf8 42. Qg5 Ke8 43. Re3 Rxf2 44. Kxf2 Nd7 45. Qg7 1-0

[Event "Moscow op-A 13th"]
[Site "Moscow"]
[Date "2017.01.28"]
[Round "1"]
[White "Malyshev, Grigory"]
[Black "Sjugirov, Sanan"]
[Result "1/2-1/2"]
[WhiteElo "2326"]
[BlackElo "2673"]
[PlyCount "129"]
[EventDate "2017.01.28"]
[EventType "swiss"]
[EventRounds "9"]
[EventCountry "RUS"]
[SourceTitle "CBM 176 Extra"]
[Source "ChessBase"]
[SourceDate "2017.03.02"]
[SourceVersion "1"]
[SourceVersionDate "2017.03.02"]
[SourceQuality "1"]

1. d4 Nf6 2. c4 g6 3. g3 c5 4. d5 Bg7 5. Nc3 d6 6. Bg2 0-0 7. Nf3 e6 8. 0-0 exd5 9. cxd5 Re8 10. Nd2 a6 11. a4 Nbd7 12. h3 Rb8 13. Nc4 Ne5 14. Na3 Nh5 15. e4 Bd7 16. a5 b5 17. axb6 Bb5 18. Naxb5 axb5 19. Nxb5 Qxb6 20. Nc3 c4 21. Kh2 Nd3 22. Na4 Qb3 23. Be3 Nxb2 24. Nxb2 Bxb2 25. Ra6 Be5 26. Qc1 Rec8 27. Ra3 Qb4 28. Ra6 Qb3 29. Ra3 Qb5 30. Qc2 Bb2 31. Ra7 Qb3 32. Qe2 Ra8 33. Rb1 c3 34. Rxa8 Rxa8 35. Bd4 Qa4 36. Qe3 Qa2 37. Qd3 Rc8 38. Qc2 Qc4 39. Be3 Nf6 40. Bf4 Qb4 41. Bxd6 Qxd6 42. Rxb2 cxb2 43. Qxc8+ Kg7 44. Qb7 Qe5 45. Qb4 g5 46. Kg1 Nd7 47. d6 Nc5 48. Bf1 h5 49. Bb5 h4 50. g4 Ne6 51. d7 Qd4 52. Qb3 Qd2 53. Bd3 Qe1+ 54. Kg2 Nf4+ 55. Kf3 Qh1+ 56. Ke3 Qc1+ 57. Kf3 Qh1+ 58. Ke3 Qe1+ 59. Kf3 Qh1+ 60. Ke3 Qc1+ 61. Kf3 Ne6 62. Qxe6 Qd1+ 63. Kg2 Qxd3 64. Qe5+ f6 65. Qe7+ 1/2-1/2

[Event "St Petersburg NFD Cup final-B"]
[Site "St Petersburg"]
[Date "2016.12.15"]
[Round "7"]
[White "Donskov, Anatoly"]
[Black "Malyshev, Grigory"]
[Result "1-0"]
[WhiteElo "2305"]
[BlackElo "2323"]
[PlyCount "93"]
[EventDate "2016.12.09"]
[EventType "tourn"]
[EventRounds "9"]
[EventCountry "RUS"]
[EventCategory "3"]
[SourceTitle "CBM 176 Extra"]
[Source "ChessBase"]
[SourceDate "2017.03.02"]
[SourceVersion "1"]
[SourceVersionDate "2017.03.02"]
[SourceQuality "1"]

1. e4 c6 2. d4 d5 3. e5 Bf5 4. Nf3 e6 5. Be2 Nd7 6. 0-0 h6 7. Nbd2 Ne7 8. Nb3 Bh7 9. Ne1 Nf5 10. Nd3 Be7 11. c3 0-0 12. f4 Rc8 13. g4 Nh4 14. Be3 b6 15. Nd2 c5 16. Nf3 Nxf3+ 17. Rxf3 cxd4 18. cxd4 Be4 19. Rh3 f5 20. exf6 Bxf6 21. Nf2 Bc2 22. Qd2 Bh4 23. Nd3 g5 24. Rc1 Bxd3 25. Rxc8 Qxc8 26. Qxd3 Kf7 27. Qh7+ Ke8 28. Bd2 Qd8 29. Qg6+ Rf7 30. Qg8+ Ke7 31. Bb4+ Nc5 32. Qxd8+ Kxd8 33. dxc5 Rxf4 34. cxb6 Bf2+ 35. Kg2 Bxb6 36. Be1 Ke7 37. Bg3 Ra4 38. Rxh6 Rxa2 39. Be5 d4 40. Bc4 Rxb2+ 41. Kf3 Rc2 42. Rh7+ Kf8 43. Bxe6 Rc6 44. Bd5 Rc3+ 45. Ke4 Re3+ 46. Kf5 Bc5 47. Bf6 1-0